[Event "XXV Grunwald Cup"]
[Site "Ramsowo/Dadaj"]
[Date "2010.09.27"]
[Round "6.2"]
[White "Jelen, Janusz"]
[Black "Renkowski, Piotr"]
[Result "1-0"]
[WhiteElo "2035"]
[BlackElo "1957"]
[PlyCount "49"]
[EventDate "2010.??.??"]

1. d4 d5 2. c4 e5 3. dxe5 d4 4. Nf3 Nc6 5. g3 Be6 6. b3 Qd7 7. Bg2 O-O-O 8. O-O
Bh3 9. Bxh3 Qxh3 10. Ng5 Qd7 11. f4 Bc5 12. Ba3 d3+ 13. Bxc5 b6 14. Bf2 Nb4 15.
exd3 Nxd3 16. Qf3 Kb8 17. Nc3 Nh6 18. Nd5 Nxf2 19. Rxf2 Ng4 20. Rd2 c6 21. Rad1
cxd5 22. Rxd5 Qc8 23. Rxd8 Rxd8 24. Rxd8 Qxd8 25. Qxg4 1-0

[Event "XXV Grunwald Cup"]
[Site "Ramsowo/Dadaj"]
[Date "2010.09.27"]
[Round "6.4"]
[White "Dukaczewski, Piotr"]
[Black "Staruch, Roman"]
[Result "1-0"]
[WhiteElo "2274"]
[BlackElo "1978"]
[PlyCount "81"]
[EventDate "2010.??.??"]

1. Nf3 Nf6 2. g3 d5 3. Bg2 c5 4. O-O Nc6 5. d3 e5 6. Nbd2 Be7 7. e4 dxe4 8.
dxe4 Bg4 9. h3 Bxf3 10. Qxf3 Nd4 11. Qd1 Qc7 12. c3 Ne6 13. a4 Rd8 14. Qb3 O-O
15. Nc4 Rd3 16. Ne3 Rfd8 17. Qc4 R3d7 18. Nd5 Qd6 19. Be3 Nxd5 20. exd5 Nc7 21.
Rfd1 Qa6 22. Qb3 c4 23. Qc2 Nxd5 24. Qe4 Nxe3 25. Rxd7 Rxd7 26. fxe3 Qe6 27.
Bf1 Rc7 28. Rd1 f5 29. Qf3 g6 30. Kh2 Kg7 31. e4 b6 32. h4 Bd6 33. Bh3 Rf7 34.
Qe2 Bb8 35. h5 Qc6 36. hxg6 hxg6 37. exf5 gxf5 38. Rd8 Qc7 39. Qd2 f4 40. gxf4
Kf6 41. Qf2 1-0

[Event "XXV Grunwald Cup"]
[Site "Ramsowo/Dadaj"]
[Date "2010.09.27"]
[Round "6.5"]
[White "Falkowski, Dawid"]
[Black "Zoltek, Tadeusz"]
[Result "0-1"]
[WhiteElo "2050"]
[BlackElo "2194"]
[PlyCount "82"]
[EventDate "2010.??.??"]

1. e4 e6 2. d4 d5 3. Nc3 Nf6 4. e5 Nfd7 5. f4 c5 6. Nf3 Nc6 7. Be3 cxd4 8. Nxd4
Bc5 9. Qd2 O-O 10. O-O-O a6 11. h4 Nxd4 12. Bxd4 b5 13. g4 b4 14. Ne2 Qc7 15.
h5 a5 16. Kb1 Ba6 17. Nc1 Bxf1 18. Rdxf1 Rfc8 19. Rh2 Bxd4 20. Qxd4 Qc4 21. Rd1
Qxd4 22. Rxd4 h6 23. Rhd2 Rc7 24. Nb3 Nc5 25. Nxc5 Rxc5 26. Kc1 Kf8 27. Kd1
Rac8 28. R4d3 Ke7 29. Rd4 Rc4 30. Kc1 f6 31. Kd1 Kf7 32. Kc1 Ke7 33. Kd1 Kd7
34. Kc1 fxe5 35. fxe5 Rxd4 36. Rxd4 Rc4 37. c3 bxc3 38. bxc3 Rxc3+ 39. Kb2 Re3
40. Ra4 Rxe5 41. Rxa5 Rg5 0-1

 Ke7 0-1

[Event "XXV Grunwald Cup"]
[Site "Ramsowo/Dadaj"]
[Date "2010.09.27"]
[Round "6.6"]
[White "Poswiatowski, Stanislaw"]
[Black "Wojcieszyn, Zdzislaw"]
[Result "0-1"]
[WhiteElo "1667"]
[BlackElo "2010"]
[PlyCount "108"]
[EventDate "2010.??.??"]

1. d4 d5 2. Nf3 Nf6 3. c4 e6 4. cxd5 exd5 5. Nc3 c6 6. Qc2 Bd6 7. Bg5 h6 8. Bh4
Bg4 9. Ne5 Be6 10. e3 g5 11. Bg3 Nh5 12. Nf3 Nxg3 13. hxg3 Nd7 14. Bd3 Qf6 15.
e4 dxe4 16. Nxe4 Bb4+ 17. Nfd2 Qxd4 18. O-O-O O-O-O 19. Nb3 Qb6 20. Bc4 Bxc4
21. Qxc4 Ne5 22. Qc2 Rxd1+ 23. Rxd1 Re8 24. Nec5 Bxc5 25. Nxc5 Re7 26. Qf5+ Kc7
27. Ne4 Nd7 28. Kb1 Qb5 29. Qf3 Qe5 30. Nd6 Qe2 31. Qb3 Nc5 32. Qf3 Qxf3 33.
gxf3 Rd7 34. Ne8+ Kd8 35. Rxd7+ Kxd7 36. Nf6+ Ke6 37. Ng4 h5 38. Ne3 Nd3 39.
Kc2 Ne1+ 40. Kd2 Nxf3+ 41. Ke2 Nd4+ 42. Kf1 Ke5 43. Nc4+ Kd5 44. Nd2 f5 45. Kg2
a5 46. Kh3 Ne2 47. f3 b5 48. g4 fxg4+ 49. fxg4 h4 50. Nf3 Nf4+ 51. Kh2 Ne6 52.
Kg2 Ke4 53. Kf2 Kf4 54. Kg2 c5 0-1

[Event "XXV Grunwald Cup"]
[Site "Ramsowo/Dadaj"]
[Date "2010.09.27"]
[Round "6.7"]
[White "Mettel, Werner"]
[Black "Ciula, Edward"]
[Result "0-1"]
[WhiteElo "1942"]
[BlackElo "1985"]
[PlyCount "68"]
[EventDate "2010.??.??"]

1. e4 Nf6 2. Nc3 e5 3. Nf3 Bb4 4. d3 O-O 5. Be2 Nc6 6. O-O d5 7. Bg5 Bxc3 8.
bxc3 dxe4 9. Bxf6 Qxf6 10. dxe4 Qg6 11. Bd3 Bh3 12. Ne1 Rad8 13. Qf3 Be6 14. a3
Ne7 15. Qe3 b6 16. f4 exf4 17. Qxf4 c5 18. c4 Qh5 19. Rf2 Ng6 20. Qg3 Qe5 21.
Qxe5 Nxe5 22. Rf4 Bxc4 23. Bxc4 Nxc4 24. Nd3 Ne3 25. Rc1 Nxc2 26. Nxc5 Nxa3 27.
Na6 Nb5 28. Nb4 Rd2 29. Nd5 Nd4 30. Nc3 Rc8 31. Rf2 Rd3 32. Na2 Rxc1+ 33. Nxc1
Rd1+ 34. Rf1 Rxc1 0-1

[Event "XXV Grunwald Cup"]
[Site "Ramsowo/Dadaj"]
[Date "2010.09.27"]
[Round "6.8"]
[White "Salamon, Jan"]
[Black "Stankiewicz, Edward"]
[Result "0-1"]
[WhiteElo "1827"]
[BlackElo "1913"]
[PlyCount "39"]
[EventDate "2010.??.??"]

1. d4 Nf6 2. Nf3 g6 3. Bg5 Bg7 4. e3 d5 5. Nbd2 e6 6. Bxf6 Bxf6 7. e4 dxe4 8.
Nxe4 Bg7 9. Bc4 c6 10. O-O O-O 11. a4 Nd7 12. a5 a6 13. Ra3 Nf6 14. Nc5 Nd5 15.
Nd3 Qc7 16. g3 Bd7 17. Nfe5 Rad8 18. Re1 Bc8 19. Ba2 Rfe8 20. Qf3 0-1

 Nc4
Qf6 22. Kg2 Ne7 0-1

[Event "XXV Grunwald Cup"]
[Site "Ramsowo/Dadaj"]
[Date "2010.09.27"]
[Round "6.10"]
[White "Czajkowski, Adam"]
[Black "Barnowski, Sylwester"]
[Result "0-1"]
[WhiteElo "1781"]
[BlackElo "1842"]
[PlyCount "30"]
[EventDate "2010.??.??"]

1. e4 e6 2. Nf3 d5 3. Nc3 Nf6 4. e5 Nfd7 5. d4 c5 6. dxc5 Bxc5 7. Bd3 Nc6 8.
Bf4 d4 9. Ne4 Bb4+ 10. c3 dxc3 11. bxc3 Be7 12. O-O Qa5 13. Nfg5 Ndxe5 14. Nxh7
Nxd3 15. Qxd3 Qf5 0-1

[Event "XXV Grunwald Cup"]
[Site "Ramsowo/Dadaj"]
[Date "2010.09.27"]
[Round "6.11"]
[White "Bzowski, Grzegorz"]
[Black "Przewoznik, Emil"]
[Result "0-1"]
[WhiteElo "1692"]
[BlackElo "2101"]
[PlyCount "46"]
[EventDate "2010.??.??"]

1. g3 d5 2. Bg2 e5 3. d3 f5 4. c4 Nf6 5. Bg5 Bb4+ 6. Nd2 e4 7. a3 Bxd2+ 8. Qxd2
c6 9. Rc1 Nbd7 10. Nh3 h6 11. Be3 O-O 12. O-O Ne5 13. Rfd1 exd3 14. exd3 d4 15.
Bf4 Ng6 16. c5 Nxf4 17. Nxf4 Re8 18. Ne2 Be6 19. Re1 Bd5 20. f3 Bf7 21. Qf4 Qd5
22. Qxd4 Rxe2 23. Qxd5 Rxe1+ 0-1

[Event "XXV Grunwald Cup"]
[Site "Ramsowo/Dadaj"]
[Date "2010.09.27"]
[Round "6.12"]
[White "Wegner, Wieslaw"]
[Black "Hagner, Pawel"]
[Result "0-1"]
[WhiteElo "1773"]
[BlackElo "1877"]
[PlyCount "108"]
[EventDate "2010.??.??"]

1. e4 g6 2. Nc3 Bg7 3. b3 d6 4. Bc4 Nf6 5. d3 O-O 6. Nge2 c6 7. d4 Nxe4 8. Nxe4
d5 9. Nd2 dxc4 10. Nxc4 Nd7 11. c3 b5 12. Na3 Bb7 13. O-O Rc8 14. Rb1 a6 15. c4
Nf6 16. f3 e6 17. Nc2 Qd7 18. Ba3 Rfd8 19. Bc5 Qc7 20. a4 e5 21. Nc3 exd4 22.
Bxd4 c5 23. Nd5 Bxd5 24. Bxf6 Bxf6 25. cxd5 Qe5 26. f4 Qxd5 27. Qxd5 Rxd5 28.
a5 Rd2 29. Ne1 Re8 30. Nf3 Ra2 31. b4 cxb4 32. Rxb4 Rxa5 33. Kh1 Re2 34. g4
Raa2 35. g5 Bg7 36. h4 Rab2 37. Rxb2 Rxb2 38. Ne1 Rb1 39. Kg2 Bc3 40. Nd3 Rxf1
41. Kxf1 b4 42. Nc5 a5 43. Ke2 Kf8 44. Kf3 Ke7 45. Ke4 Be1 46. f5 gxf5+ 47.
Kxf5 Bxh4 48. Nb7 a4 49. Na5 b3 50. Nc6+ Kd6 51. Na7 Kc5 52. Kg4 Bf2 53. Kf5 b2
54. Kf6 b1=Q 0-1

[Event "XXV Grunwald Cup"]
[Site "Ramsowo/Dadaj"]
[Date "2010.09.28"]
[Round "7.1"]
[White "Wojcieszyn, Zdzislaw"]
[Black "Stachanczyk, Jacek"]
[Result "1/2-1/2"]
[WhiteElo "2010"]
[BlackElo "2278"]
[PlyCount "92"]
[EventDate "2010.??.??"]

1. c4 e5 2. Nc3 Nc6 3. Nf3 Nf6 4. d4 exd4 5. Nxd4 Bb4 6. Nxc6 bxc6 7. Qc2 O-O
8. a3 Bxc3+ 9. Qxc3 Ne4 10. Qd4 Qe7 11. Bf4 c5 12. Qe5 Qxe5 13. Bxe5 d6 14. Bf4
Rb8 15. f3 Nf6 16. O-O-O Be6 17. e4 Nd7 18. Bd3 f6 19. Kc2 Rb7 20. b3 Nb8 21.
Bd2 Nc6 22. Rb1 a5 23. Kc3 Rfb8 24. Bc2 Nd4 25. a4 f5 26. Rhe1 fxe4 27. fxe4 h6
28. Be3 Nc6 29. e5 Nxe5 30. Bxc5 Bd7 31. Bd4 Nc6 32. Bf2 Rf8 33. Bg3 Bf5 34.
Be4 Bxe4 35. Rxe4 Rf5 36. Rbe1 Kf7 37. Rf4 Rxf4 38. Bxf4 Nb4 39. Bd2 Rb8 40.
Rf1+ Kg6 41. Re1 Rd8 42. Bf4 Kf6 43. Bg3 c6 44. Re2 Rd7 45. Rf2+ Kg5 46. Re2
Kf6 1/2-1/2

[Event "XXV Grunwald Cup"]
[Site "Ramsowo/Dadaj"]
[Date "2010.09.28"]
[Round "7.2"]
[White "Zoltek, Tadeusz"]
[Black "Jelen, Janusz"]
[Result "1/2-1/2"]
[WhiteElo "2194"]
[BlackElo "2035"]
[PlyCount "88"]
[EventDate "2010.??.??"]

1. c4 e5 2. Nc3 Nf6 3. Nf3 Nc6 4. g3 Bb4 5. Bg2 O-O 6. O-O d5 7. cxd5 Nxd5 8.
Nxe5 Nce7 9. Nxd5 Nxd5 10. Qb3 c6 11. e4 Bd6 12. Nc4 Nb6 13. Nxd6 Qxd6 14. Qc3
Be6 15. b3 Rad8 16. Bb2 f6 17. d4 Rfe8 18. f4 Qe7 19. Rae1 Qd7 20. f5 Bf7 21.
g4 Qe7 22. Qg3 Nd7 23. h4 c5 24. e5 cxd4 25. e6 Ne5 26. Rxe5 fxe5 27. Qxe5 Bxe6
28. fxe6 Qxe6 29. Qxe6+ Rxe6 30. Rd1 d3 31. Bf1 Re4 32. Bxd3 Rxg4+ 33. Kh2 Rf8
34. Bc4+ Rxc4 35. bxc4 Rf2+ 36. Kg3 Rxb2 37. Rd7 a6 38. c5 a5 39. Kf4 h6 40. h5
Rc2 41. Rc7 a4 42. a3 Rb2 43. Ke4 Rb5 44. Kd4 Kf8 1/2-1/2

[Event "XXV Grunwald Cup"]
[Site "Ramsowo/Dadaj"]
[Date "2010.09.28"]
[Round "7.3"]
[White "Renkowski, Piotr"]
[Black "Dukaczewski, Piotr"]
[Result "0-1"]
[WhiteElo "1957"]
[BlackElo "2274"]
[PlyCount "66"]
[EventDate "2010.??.??"]

1. e4 c5 2. Nf3 Nc6 3. c3 e5 4. Bc4 Qc7 5. d3 Nf6 6. O-O Be7 7. Ng5 O-O 8. f4
h6 9. Nh3 a6 10. a4 Rb8 11. Na3 d6 12. f5 Na5 13. Ba2 b5 14. axb5 axb5 15. g4
d5 16. Bxd5 Nxd5 17. exd5 c4 18. g5 Qc5+ 19. d4 Qxd5 20. gxh6 g6 21. Qe1 Bb7
22. Qg3 Bh4 23. h7+ Kh8 24. Qxe5+ Qxe5 25. dxe5 Nb3 26. Bh6 Rfe8 27. Rad1 Rxe5
28. fxg6 Re2 29. Nf4 Rxb2 30. gxf7 Be7 31. f8=Q+ Bxf8 32. Bxf8 Nd2 33. Bc5 Kxh7
0-1

[Event "XXV Grunwald Cup"]
[Site "Ramsowo/Dadaj"]
[Date "2010.09.28"]
[Round "7.4"]
[White "Mackowiak, Marek"]
[Black "Suder, Ryszard"]
[Result "1/2-1/2"]
[WhiteElo "2174"]
[BlackElo "2213"]
[PlyCount "88"]
[EventDate "2010.??.??"]

1. c4 Nf6 2. Nc3 d5 3. d4 g6 4. Nf3 Bg7 5. g3 O-O 6. cxd5 Nxd5 7. Bg2 c5 8. O-O
Nxc3 9. bxc3 Nc6 10. d5 Na5 11. Qd3 b6 12. h4 Bb7 13. Rd1 Qd7 14. Bf4 Rad8 15.
e4 Qa4 16. Bc7 Rd7 17. Bf4 Nc4 18. Rdc1 e6 19. Nd2 Nxd2 20. Qxd2 exd5 21. exd5
Qc4 22. d6 Bxg2 23. Kxg2 Rfd8 24. Qe3 Qe6 25. Qxe6 fxe6 26. Rc2 e5 27. Bg5 Re8
28. Be7 Bf8 29. Bxf8 Kxf8 30. Rd1 Red8 31. Rd5 Rxd6 32. Rxe5 Rd2 33. Re2 Rxe2
34. Rxe2 Rd3 35. Rc2 Ke7 36. f3 Ke6 37. g4 Kd5 38. c4+ Kd4 39. Kg3 Ke3 40. Rb2
Kd4 41. Rc2 h6 42. Re2 Re3 43. Rd2+ Rd3 44. Re2 Re3 1/2-1/2

[Event "XXV Grunwald Cup"]
[Site "Ramsowo/Dadaj"]
[Date "2010.09.28"]
[Round "7.5"]
[White "Ciula, Edward"]
[Black "Gunajew, Rafal"]
[Result "0-1"]
[WhiteElo "1985"]
[BlackElo "2292"]
[PlyCount "83"]
[EventDate "2010.??.??"]

1. d4 c5 2. d5 e5 3. c4 d6 4. e4 Be7 5. Nc3 Bg5 6. Nf3 Bxc1 7. Qxc1 Ne7 8. Bd3
O-O 9. Qc2 Ng6 10. O-O-O Bg4 11. h3 Bxf3 12. gxf3 Nd7 13. Rdg1 Nf6 14. Ne2 Nh5
15. Ng3 Ngf4 16. Bf1 a5 17. Qd2 Kh8 18. Nxh5 Nxh5 19. Qg5 Qxg5+ 20. Rxg5 Nf4
21. a4 f6 22. Rgg1 Ra6 23. Kc2 Rb6 24. b3 Ra8 25. h4 Rb4 26. Bh3 Ne2 27. Rb1
Nd4+ 28. Kc3 Nxf3 29. Bg4 Nd4 30. Rb2 Rf8 31. Bd1 Rb6 32. f3 Ra6 33. Rg2 Raa8
34. Rhg1 Rf7 35. Rg3 Raf8 36. h5 f5 37. Kd2 Re7 38. Kd3 Rf6 39. Kd2 Ref7 40.
R1g2 Kg8 41. Rg1 Kf8 42. R1g2 0-1

-1/2

[Event "XXV Grunwald Cup"]
[Site "Ramsowo/Dadaj"]
[Date "2010.09.28"]
[Round "7.6"]
[White "Stankiewicz, Edward"]
[Black "Falkowski, Dawid"]
[Result "0-1"]
[WhiteElo "1913"]
[BlackElo "2050"]
[PlyCount "43"]
[EventDate "2010.??.??"]

1. e4 e5 2. Nf3 Nc6 3. Bb5 Nge7 4. c3 d5 5. Nxe5 dxe4 6. Nxc6 bxc6 7. Bc4 Nd5
8. d4 Bd6 9. Qe2 O-O 10. O-O Bf5 11. Be3 Qh4 12. g3 Qh3 13. Re1 Rae8 14. Qf1
Qh5 15. Be2 Qg6 16. Bc4 Qe6 17. Nd2 Bg4 18. Nb3 f5 19. Be2 f4 20. Bxg4 Qxg4 21.
Qg2 fxe3 22. fxe3 0-1

[Event "XXV Grunwald Cup"]
[Site "Ramsowo/Dadaj"]
[Date "2010.09.28"]
[Round "7.7"]
[White "Traczyk, Tadeusz"]
[Black "Staruch, Roman"]
[Result "1/2-1/2"]
[WhiteElo "1925"]
[BlackElo "1978"]
[PlyCount "29"]
[EventDate "2010.??.??"]

1. e4 d5 2. exd5 Nf6 3. Nc3 Nxd5 4. Nxd5 Qxd5 5. Nf3 Bg4 6. Be2 e5 7. O-O Nc6
8. h3 Bh5 9. c3 O-O-O 10. b4 e4 11. Nh2 Bxe2 12. Qxe2 f5 13. f3 Bd6 14. fxe4
fxe4 15. Qg4+ 1/2-1/2

[Event "XXV Grunwald Cup"]
[Site "Ramsowo/Dadaj"]
[Date "2010.09.28"]
[Round "7.8"]
[White "Barnowski, Sylwester"]
[Black "Poswiatowski, Stanislaw"]
[Result "1/2-1/2"]
[WhiteElo "1842"]
[BlackElo "1667"]
[PlyCount "55"]
[EventDate "2010.??.??"]

1. d4 d5 2. c4 c6 3. Nc3 Nf6 4. Bg5 e6 5. e3 Nbd7 6. Nf3 Qa5 7. Bxf6 Nxf6 8.
Nd2 Be7 9. Qc2 Qc7 10. Bd3 h6 11. a3 O-O 12. O-O Ng4 13. Nf3 dxc4 14. Bxc4 e5
15. dxe5 Nxe5 16. Nxe5 Qxe5 17. Qe4 Bd6 18. Qxe5 Bxe5 19. Rac1 Bf5 20. e4 Bxc3
21. exf5 Bxb2 22. Rb1 Bxa3 23. Rxb7 Bc5 24. Rd1 Rab8 25. Rdd7 Rxb7 26. Rxb7 a5
27. Kf1 a4 28. Ba2 1/2-1/2

[Event "XXV Grunwald Cup"]
[Site "Ramsowo/Dadaj"]
[Date "2010.09.28"]
[Round "7.9"]
[White "Przewoznik, Emil"]
[Black "Mettel, Werner"]
[Result "1/2-1/2"]
[WhiteElo "2101"]
[BlackElo "1942"]
[PlyCount "40"]
[EventDate "2010.??.??"]

1. d4 d5 2. Nf3 Nf6 3. c4 e6 4. Nc3 Be7 5. Bg5 Nbd7 6. e3 O-O 7. Bd3 dxc4 8.
Bxc4 c6 9. O-O Nd5 10. Bxe7 Nxe7 11. e4 Ng6 12. Rc1 Re8 13. b4 Nb6 14. Bb3 Qe7
15. b5 Bd7 16. d5 exd5 17. bxc6 bxc6 18. exd5 cxd5 19. Nxd5 Nxd5 20. Bxd5 Rac8
1/2-1/2

[Event "XXV Grunwald Cup"]
[Site "Ramsowo/Dadaj"]
[Date "2010.09.28"]
[Round "7.11"]
[White "Dziobek, Jerzy"]
[Black "Salamon, Jan"]
[Result "1/2-1/2"]
[WhiteElo "1848"]
[BlackElo "1827"]
[PlyCount "34"]
[EventDate "2010.??.??"]

1. d4 d5 2. Nf3 Nf6 3. c3 e6 4. Nbd2 b6 5. Qc2 Bb7 6. e3 Be7 7. Bd3 h6 8. O-O
O-O 9. Ne5 c5 10. Ndf3 c4 11. Be2 Nbd7 12. Nxd7 Nxd7 13. Nd2 b5 14. Bf3 Qc7 15.
g3 a5 16. Bg2 f5 17. f3 Nb6 1/2-1/2

[Event "XXV Grunwald Cup"]
[Site "Ramsowo/Dadaj"]
[Date "2010.09.28"]
[Round "7.13"]
[White "Bzowski, Grzegorz"]
[Black "Wegner, Wieslaw"]
[Result "1-0"]
[WhiteElo "1692"]
[BlackElo "1773"]
[PlyCount "45"]
[EventDate "2010.??.??"]

1. g3 Nc6 2. Bg2 b6 3. Nf3 f5 4. d3 Nf6 5. O-O e6 6. c4 Rb8 7. Bf4 Be7 8. Nc3
a6 9. a3 O-O 10. b4 d5 11. b5 axb5 12. Nxb5 Bd6 13. Bxd6 cxd6 14. Rc1 Bd7 15.
Nxd6 Qe7 16. Nb5 e5 17. Nd2 e4 18. a4 Rb7 19. cxd5 Nxd5 20. dxe4 Ndb4 21. exf5
Bxf5 22. Bxc6 Nxc6 23. Rxc6 1-0

[Event "XXV Grunwald Cup"]
[Site "Ramsowo/Dadaj"]
[Date "2010.09.28"]
[Round "8.1"]
[White "Dukaczewski, Piotr"]
[Black "Stachanczyk, Jacek"]
[Result "1-0"]
[WhiteElo "2274"]
[BlackElo "2278"]
[PlyCount "125"]
[EventDate "2010.??.??"]

1. e4 c5 2. Nf3 Nc6 3. Bb5 d6 4. d4 cxd4 5. Qxd4 Qd7 6. Qd3 a6 7. Bxc6 Qxc6 8.
Nc3 e6 9. Bf4 e5 10. Be3 Be6 11. O-O-O Nf6 12. Bg5 Nd7 13. Rhe1 h6 14. Bh4 Rc8
15. Kb1 Nc5 16. Qd2 g5 17. Bg3 Na4 18. Re3 Qc4 19. Nd5 Bxd5 20. exd5 Bg7 21.
Rb3 b5 22. Rb4 Qc5 23. h4 a5 24. Rb3 f5 25. hxg5 b4 26. Ne1 Qc4 27. f3 Nc5 28.
Bf2 Nxb3 29. axb3 Qb5 30. g4 fxg4 31. fxg4 hxg5 32. Nf3 O-O 33. Nxg5 Bh6 34.
Rh1 Rf6 35. Be3 Rf1+ 36. Rxf1 Qxf1+ 37. Ka2 a4 38. bxa4 Qc4+ 39. Kb1 Rf8 40. b3
Rf1+ 41. Kb2 Qxg4 42. Qd3 e4 43. Qxf1 Bxg5 44. Qg1 Qxg1 45. Bxg1 e3 46. a5 e2
47. Bf2 Be3 48. Be1 Kf7 (48... Bd4+ 49. Kc1 (49. Ka2 Bc3 50. a6 (50. Bg3 e1=Q
51. Bxe1 Bxe1) 50... Bxe1 51. a7 Bg3 52. a8=Q+ Kf7 53. Qa7+ (53. Qb7+ Kf6 54.
Qxb4 e1=Q 55. Qxe1 Bxe1 56. Ka3 Ke5 57. c4 Kd4 58. Ka4 Kc5 59. Ka3 Ba5 60. Ka4
Bb6 61. Ka3 Kd4 62. Ka4 Bc5 63. b4 Kxc4) 53... Kg6) (49. Kb1 Bc3 50. a6 Bxe1
51. a7 Bg3 52. a8=Q+ Kf7 53. Qb7+ Kg6 54. Qxb4 e1=Q+ 55. Qxe1 Bxe1) 49... Bc3
50. a6 (50. Bg3 e1=Q+ 51. Bxe1 Bxe1 52. Kd1 Bf2 53. Ke2 Bc5 54. Kd3 Kf7 55. c3
bxc3 56. Kxc3 Kf6 57. b4 Bf2 58. Kc4 Ke5 59. b5 Be1) 50... Bxe1 51. a7 Bg3 52.
a8=Q+ Kf7 53. Qb7+ Kf6) 49. c3 bxc3+ 50. Kxc3 Ke7 51. Kd3 Bg1 52. Kxe2 Kd7 53.
Kd3 Kc7 54. Kc4 Kb7 55. Kb5 Be3 56. b4 Bf4 57. Bf2 Be5 58. a6+ Kc7 59. Bb6+ Kb8
60. Kc6 Bf4 61. b5 Be5 62. Be3 Bg3 63. b6 1-0

[Event "XXV Grunwald Cup"]
[Site "Ramsowo/Dadaj"]
[Date "2010.09.28"]
[Round "8.2"]
[White "Suder, Ryszard"]
[Black "Jelen, Janusz"]
[Result "1-0"]
[WhiteElo "2213"]
[BlackElo "2035"]
[PlyCount "121"]
[EventDate "2010.??.??"]

1. Nf3 d5 2. g3 Nf6 3. Bg2 c6 4. O-O g6 5. b3 Bg7 6. Bb2 O-O 7. c4 Nbd7 8. d4
Qb6 9. Qc2 Re8 10. Nc3 e6 11. e4 Nxe4 12. Nxe4 dxe4 13. Qxe4 Nf6 14. Qh4 Qd8
15. Rad1 Nh5 16. Qe4 Nf6 17. Qc2 Nd7 18. Rfe1 Qc7 19. Re2 b6 20. d5 cxd5 21.
Bxg7 Kxg7 22. Qb2+ Kg8 23. cxd5 Bb7 24. dxe6 Rxe6 25. Rxe6 fxe6 26. Ng5 Nf8 27.
Bxb7 Qxb7 28. Qe5 Qg7 29. Qf4 Re8 30. Ne4 Kh8 31. Nd6 Re7 32. Rc1 Kg8 33. Rc8
h6 34. h4 Rd7 35. Ne8 Rd1+ 36. Kh2 Qf7 37. Nf6+ Kg7 38. Rc7 Nd7 39. Ng4 Qxf4
40. gxf4 Kf8 41. Rxa7 h5 42. Ne5 Nc5 43. Nxg6+ Kg8 44. Ne5 Ne4 45. Rb7 Rd2 46.
Rxb6 Rxf2+ 47. Kg1 Rxa2 48. Rxe6 Ra1+ 49. Kg2 Ra2+ 50. Kf3 Nd2+ 51. Ke3 Nxb3
52. Re7 Rh2 53. Nf3 Rc2 54. f5 Rc3+ 55. Kf4 Nc5 56. f6 Rc4+ 57. Kf5 Nd3 58. Ng5
Rc5+ 59. Kg6 Nf4+ 60. Kh6 Rc6 61. Re8# 1-0

[Event "XXV Grunwald Cup"]
[Site "Ramsowo/Dadaj"]
[Date "2010.09.28"]
[Round "8.3"]
[White "Gunajew, Rafal"]
[Black "Zoltek, Tadeusz"]
[Result "1/2-1/2"]
[WhiteElo "2292"]
[BlackElo "2194"]
[PlyCount "90"]
[EventDate "2010.??.??"]

1. e4 c5 2. c3 e6 3. d4 d5 4. exd5 exd5 5. Nf3 Nc6 6. Be2 Bd6 7. dxc5 Bxc5 8.
Nbd2 Nge7 9. Nb3 Bd6 10. O-O O-O 11. Re1 Bf5 12. Nbd4 Be4 13. Bd3 Bxd3 14. Qxd3
Qd7 15. Be3 Rad8 16. Re2 Bb8 17. Rae1 Rfe8 18. Nb3 b6 19. Nbd4 Ng6 20. Qf5 Nxd4
21. Nxd4 Qd6 22. g3 Re5 23. Qc2 Qd7 24. Bc1 Rde8 25. f4 Rxe2 26. Rxe2 Rxe2 27.
Qxe2 Bd6 28. Be3 Bc5 29. Bf2 Bxd4 30. Bxd4 Qe6 31. Qxe6 fxe6 32. a4 Ne7 33. Kf2
Kf7 34. g4 g6 35. Ke3 h5 36. h3 hxg4 37. hxg4 Nc6 38. Bh8 g5 39. b4 a6 40. fxg5
b5 41. axb5 axb5 42. g6+ Kxg6 43. Kf4 Kh6 44. Bf6 Kg6 45. Bd4 Kh6 1/2-1/2

[Event "XXV Grunwald Cup"]
[Site "Ramsowo/Dadaj"]
[Date "2010.09.28"]
[Round "8.4"]
[White "Mackowiak, Marek"]
[Black "Wojcieszyn, Zdzislaw"]
[Result "1/2-1/2"]
[WhiteElo "2174"]
[BlackElo "2010"]
[PlyCount "28"]
[EventDate "2010.??.??"]

1. d4 c6 2. c4 d5 3. Nc3 Nf6 4. Nf3 e6 5. e3 Nbd7 6. Be2 dxc4 7. Bxc4 b5 8. Bd3
a6 9. O-O Bb7 10. b3 c5 11. Bb2 cxd4 12. Nxd4 Nc5 13. Be2 Be7 14. Bf3 Qb6
1/2-1/2

[Event "XXV Grunwald Cup"]
[Site "Ramsowo/Dadaj"]
[Date "2010.09.28"]
[Round "8.5"]
[White "Falkowski, Dawid"]
[Black "Ciula, Edward"]
[Result "1/2-1/2"]
[WhiteElo "2050"]
[BlackElo "1985"]
[PlyCount "76"]
[EventDate "2010.??.??"]

1. e4 Nf6 2. e5 Nd5 3. d4 d6 4. Nf3 Bg4 5. h3 Bh5 6. e6 fxe6 7. g4 Bf7 8. Ng5
Bg8 9. Qe2 Qd7 10. c4 Nb6 11. Bg2 Nc6 12. Be3 d5 13. Na3 h6 14. Nf3 Nxc4 15.
Nxc4 dxc4 16. O-O O-O-O 17. Rfd1 Nb4 18. Qxc4 Nd5 19. Ne5 Qd6 20. Rac1 g5 21.
Rd3 Kb8 22. Rb3 Nb6 23. Qb5 Bg7 24. Rc6 (24. Nc6+) 24... Bxe5 25. Rxd6 Bxd6 26.
a4 a6 27. Qe2 e5 28. d5 Ka8 29. Bxb6 cxb6 30. Rxb6 Rc8 31. Be4 Bh7 32. b4 Bxe4
33. Qxe4 Rc1+ 34. Kg2 Rhc8 35. b5 R1c4 36. Qf5 Ka7 37. Rc6 bxc6 38. Qxc8 cxb5
1/2-1/2

[Event "XXV Grunwald Cup"]
[Site "Ramsowo/Dadaj"]
[Date "2010.09.28"]
[Round "8.6"]
[White "Staruch, Roman"]
[Black "Renkowski, Piotr"]
[Result "1/2-1/2"]
[WhiteElo "1978"]
[BlackElo "1957"]
[PlyCount "98"]
[EventDate "2010.??.??"]

1. e4 e6 2. d4 d5 3. e5 c5 4. c3 Nc6 5. Nf3 Qb6 6. Bd3 Bd7 7. dxc5 Bxc5 8. O-O
a5 9. Qe2 f6 10. Bf4 Nge7 11. Nbd2 Ng6 12. Bg3 Ngxe5 13. Nxe5 Nxe5 14. Bxe5
fxe5 15. Qh5+ Kd8 16. Qxe5 Bd6 17. Qg5+ Kc7 18. c4 Qd4 19. Qe3 Qxe3 20. fxe3
Rhf8 21. Rac1 Kb6 22. Nb3 dxc4 23. Bxc4 Rac8 24. Bd3 Be5 25. Nd4 Rxc1 26. Rxc1
Bxd4 27. exd4 h6 28. Rf1 Rd8 29. Kf2 Bc6 30. Ke3 Bxg2 31. Rg1 Bd5 32. Rxg7 Bxa2
33. Rh7 Rg8 34. Rxh6 Rg2 35. Be2 Bd5 36. h4 Rg3+ 37. Kd2 Rb3 38. Kc2 a4 39. Bd3
Rb4 40. Kc3 Rb3+ 41. Kc2 Ka7 42. h5 b5 43. Rf6 b4 44. h6 a3 45. bxa3 bxa3 46.
h7 Rb2+ 47. Kc3 Rh2 48. Rf1 Kb6 49. Ra1 a2 1/2-1/2

[Event "XXV Grunwald Cup"]
[Site "Ramsowo/Dadaj"]
[Date "2010.09.28"]
[Round "8.7"]
[White "Barnowski, Sylwester"]
[Black "Traczyk, Tadeusz"]
[Result "1/2-1/2"]
[WhiteElo "1842"]
[BlackElo "1925"]
[PlyCount "29"]
[EventDate "2010.??.??"]

1. f4 d5 2. Nf3 Nf6 3. e3 e6 4. d4 c5 5. c3 Nc6 6. Bd3 Be7 7. Nbd2 a6 8. O-O
O-O 9. Ne5 Bd7 10. Rf3 cxd4 11. exd4 Re8 12. Rh3 g6 13. Ndf3 Ne4 14. Qe1 f5 15.
Be3 1/2-1/2

[Event "XXV Grunwald Cup"]
[Site "Ramsowo/Dadaj"]
[Date "2010.09.28"]
[Round "8.10"]
[White "Czajkowski, Adam"]
[Black "Bzowski, Grzegorz"]
[Result "1-0"]
[WhiteElo "1781"]
[BlackElo "1692"]
[PlyCount "115"]
[EventDate "2010.??.??"]

1. e4 g6 2. Nc3 Bg7 3. g3 d6 4. Bg2 Nf6 5. Nge2 O-O 6. d4 Nbd7 7. h3 Rb8 8. a4
a5 9. Be3 Nb6 10. Qd3 c6 11. f4 Be6 12. b3 d5 13. e5 Nfd7 14. g4 f5 15. Bf3 Qc7
16. Kf2 c5 17. Rag1 c4 18. Qd2 Kf7 19. Nb5 Qc6 20. Qxa5 cxb3 21. cxb3 Qc2 22.
Qc3 Rfc8 23. Qxc2 Rxc2 24. Rc1 Rbc8 25. Rxc2 Rxc2 26. Rc1 (26. Re1 Rb2) 26...
Rb2 27. Rc3 Nb8 28. Bc1 Rb1 29. Ke1 Nc6 30. Kd2 Nb4 31. Ba3 Na2 32. Rc2 Rf1 33.
Ke3 Ra1 34. Nc1 Nxc1 35. Bxc1 Bd7 36. Na3 Bc6 37. Kd3 Bf8 38. gxf5 gxf5 39.
Bh5+ Kg8 40. e6 Bg7 41. Bf7+ Kf8 42. a5 Na8 43. b4 Nc7 44. Ke3 Bf6 45. Rg2 Bg7
46. Rc2 Bf6 47. Rc3 Ra2 48. a6 Rxa3 49. Bxa3 Bxd4+ 50. Kxd4 Nb5+ 51. Kd3 Nxc3
52. Kxc3 bxa6 53. Kd4 Kg7 54. b5 Bxb5 55. Bxe7 Bc4 56. Ke5 a5 57. Kxf5 a4 58.
Ke5 1-0

[Event "XXV Grunwald Cup"]
[Site "Ramsowo/Dadaj"]
[Date "2010.09.28"]
[Round "8.11"]
[White "Mettel, Werner"]
[Black "Dziobek, Jerzy"]
[Result "1/2-1/2"]
[WhiteElo "1942"]
[BlackElo "1848"]
[PlyCount "53"]
[EventDate "2010.??.??"]

1. e4 e6 2. d4 d5 3. exd5 exd5 4. Nf3 Nf6 5. Bg5 Be7 6. Bd3 Nbd7 7. Nc3 c6 8.
O-O O-O 9. Re1 Re8 10. h3 Nf8 11. Qd2 Ng6 12. Re2 Be6 13. Rae1 Qd7 14. Na4 b6
15. Nc3 Nh5 16. Bxg6 hxg6 17. Ne5 Bxg5 18. Qxg5 Qc8 19. Re3 Nf6 20. a3 Bf5 21.
R1e2 c5 22. Nb5 Re6 23. f3 a6 24. g4 Bxc2 25. Rxc2 axb5 26. dxc5 bxc5 27. Nd3
1/2-1/2